00656nam a2200205Ia 4500008004100000020001700041040001400058082002200072100001900094245005100113260003800164300001100202365002800213366000800241505002100249620005900270630005100329650001900380730005100399100315s9999 xx 000 0 und d a8176351504  cENGLISH  b3890 a001.642  a"Perry, Greg " aSAAMS Teach Yourself Visual Basic 6 in 21 Days aNew Delhi bTechmedia  c1998  a851   eRupees d1 b270.00  f0  gTushar Jaadhav  a"Visual Basic, Managing Control, Printing VB Output " aSAAMS Teach Yourself Visual Basic 6 in 21 Days aVISUAL BASIC  aSAAMS Teach Yourself Visual Basic 6 in 21 Days